00281nam a22001097a 4500008004100000020001800041041000800059080000800067100000700075101000800082245008100090180903b xxu||||| |||| 00| 0 eng d a9781771882774 aeng a338 a53 aman aPriciples AnD Management Of clogging In miccro IrriigationcGoyal.m.R